Ochranné známky a stanovenie ich hodnoty výnosovými metódami

Analýza využívania výnosových metód pri ohodnotení ochranných známok, pričom sú analyzované aj problémy, s ktorými sa znalci z odboru Priemyselné vlastníctvo stretávajú pri ohodnotení tohto špecifického druhu majetku. Definícia ochrannej známky. Najhodnotnejších 20 ochranných značiek za rok 2005 pod...

Descrizione completa

Salvato in:
Dettagli Bibliografici
Autore principale: Kardoš, Peter
Natura: Capitolo di libro
Lingua:slovacco
Soggetti:
Tags: Aggiungi Tag
Nessun Tag, puoi essere il primo ad aggiungerne!!

MARC

LEADER 00000naa$a2200000$$$4500
001 0062917
005 20240502071721.3
041 0 |a slo 
044 |a SK 
245 1 0 |a Ochranné známky a stanovenie ich hodnoty výnosovými metódami  |c Peter Kardoš 
520 |a Analýza využívania výnosových metód pri ohodnotení ochranných známok, pričom sú analyzované aj problémy, s ktorými sa znalci z odboru Priemyselné vlastníctvo stretávajú pri ohodnotení tohto špecifického druhu majetku. Definícia ochrannej známky. Najhodnotnejších 20 ochranných značiek za rok 2005 podľa Business weeku. Postupy ohodnocovania ochrannej známky, problémy pri ohodnotení. Geografická štruktúra znalcov. 
610 2 0 |a majetok nehmotný 
610 2 0 |a známky ochranné 
610 2 0 |a právo priemyselné 
610 2 0 |a znalci 
610 2 0 |a metódy 
610 2 0 |a výnosy podnikové 
100 1 |a Kardoš, Peter